Les Clips Youtubes les Plus Vus de Ces Artistes #2 - Statistiques

Statistiques générales
  • Ce quiz a été pris 19 fois
  • Le résultat moyen est 10 sur 25
Statistiques - réponses
Artist Songs % Correct
Baby
89%
Adele Hello
74%
Lady Gaga Bad Romance
63%
Poker Face
63%
Katy Perry Roar
63%
Justin Bieber Sorry
53%
Bruno Mars The Lazy Song
53%
Last Friday Night
47%
Shallow
47%
24K Magic
42%
Dark Horse
42%
Someone Like You
42%
Rolling in the Deep
37%
Die With A Smile
32%
Love Yourself
32%
Skyfall
32%
What Do You Mean?
32%
Bon Appétit
26%
Firework
26%
That's What I Like
16%
Always Remember Us This Way
11%
Just The Way You Are
11%
Never Say Never
11%
Send My Love (To Your New Lover)
5%
When I Was Your Man
5%
Aucun quiz correspondant
Distribution des résultats
% des personnes avec chaque résultat
Percentile par nombre de réponses
Votre historique - résultats
Vous n’avez pas pris ce quiz